Les œufs au cinéma - Statistiques

Statistiques générales
  • Ce quiz a été pris 447 fois
  • Le résultat moyen est 11 sur 21
Statistiques - réponses
Par images Réponse % Correct
Harry Potter et la Coupe de Feu
96%
Jurassic Park
92%
Sur la piste du Marsupilami
86%
Le Chat Potté
83%
OSS 117 : Le Caire Nid d'Espion
77%
Happy Feet
69%
Rocky
67%
Nemo
62%
Le Grand restaurant
61%
Alien
60%
Octopussy
45%
Papy fait de la resistance
45%
Le Château ambulant
43%
Y'a t-il un pilote dans l'avion ?
43%
Chicken Run
40%
Le Crime de l'Orient-Express
34%
Intouchables
28%
La Forme de l'Eau
27%
S.O.S Fantômes
12%
Funny Games
7%
Les contes de la nuit
3%
Aucun quiz correspondant
Distribution des résultats
% des personnes avec chaque résultat
Percentile par nombre de réponses
Votre historique - résultats
Vous n’avez pas pris ce quiz